Handbook of geriatric care management / (Record no. 2426)
[ view plain ]
| 000 -LEADER | |
|---|---|
| fixed length control field | 00797cam a22002054a 4500 |
| 020 ## - INTERNATIONAL STANDARD BOOK NUMBER | |
| ISBN | 0834216671 |
| 050 00 - CALL NUMBER | |
| Classification number | RC952.55 |
| Item number | .C86 |
| 100 1# - AUTHOR | |
| Personal name | Cress, Cathy. |
| 245 00 - TITLE | |
| Title | Handbook of geriatric care management / |
| Statement of responsibility, etc | Cathy Cress. |
| 260 ## - PUBLICATION INFORMATION | |
| Place of publication | Gaithersburg, Md. : |
| Name of publisher | Aspen, |
| Year of publication | 2001. |
| 300 ## - DESCRIPTION | |
| Number of Pages | xvi, 336 p. : |
| Other physical details | ill. ; |
| Dimensions | 26 cm. |
| 500 ## - NOTES | |
| General note | Includes index. |
| 505 ## - FORMATTED CONTENTS NOTE | |
| Table of Content | Beginning, Expanding, or Adding a Geriatric Care Management Business --<br/>Growing and Managing the Business of Geriatric Care Management --<br/>Clinical --<br/>The Future. |
| 650 #0 - SUBJECTS | |
| Topical Term | Geriatrics |
| 650 #0 - SUBJECTS | |
| Topical Term | Older people |
| General subdivision | Medical care |
| -- | Management |
| 650 12 - SUBJECTS | |
| Topical Term | Health Services for the Aged |
| General subdivision | organization & administration. |
| 650 22 - SUBJECTS | |
| Topical Term | Geriatrics. |
| 650 22 - SUBJECTS | |
| Topical Term | Practice Management |
| General subdivision | organization & administration. |
| 942 ## - ADDED ENTRY ELEMENTS (KOHA) | |
| Koha item type | Books |
| Withdrawn status | Lost status | Collection code | Home library | Current library | Shelving location | Date acquired | Full call number | Accession Number | Copy number | Koha item type |
|---|---|---|---|---|---|---|---|---|---|---|
| Reference | Methodist University Library Main | Methodist University Library Main | General Stacks | RC952.55 .C86 | 4114 | 1 | Books |